Responses for Show #8409 - Thursday, May 27, 2021

2021 Tournament of Champions final game 1.

Contestants

[<< previous game]

Sam Kavanaugh, a substitute teacher originally from Carlton, Minnesota

Jennifer Quail, a wine tasting consultant from Dowagiac, Michigan

Veronica Vichit-Vadakan, a librarian from Portland, Oregon

[next game >>]

Jeopardy! Round responses

THE COLONIAL WORLD
WHICH COLLEGE?
COMPUTER SPEAK
MUSICAL MENAGERIE
SHAKESPEARE CHARACTER FOOTBALL TEAM
H TO O
    $200 20
K

Jennifer
    $200 30
University of Virginia

Jennifer
    $200 29
safe mode

Sam
    $200 28
ants

Jennifer
    $200 27
Hamlet

Sam
    $200 26
hullabaloo

Veronica
    $400 19
Cecil Rhodes

Jennifer
    $400 22
UT Austin

Veronica
    $400 23
a username

Sam
    $400 24
a Monkey

Veronica
    $400 21
Lady Macbeth

Jennifer
    $400 25
heigh-ho!

Jennifer
    $600 8
Bonaire

Sam
    $600 15
(Sam: What's, uh... Duke?)

Wake Forest

Sam
Triple Stumper
    $600 10
bits per second

Sam
    $600 9
Beer

Veronica
    $600 4
Cordelia

Sam
    $600 2
(Sam: What is heretofore?)
(Jennifer: What is hereto?)

hitherto

JenniferSam
Triple Stumper
    $800 7
Balboa

Sam
    $800 12
(Jennifer: What is... Iowa State?)

Stanford

VeronicaJennifer
    $800 11
compress

Jennifer
    $800 5
a spider

Triple Stumper
    $800 16
Timon

Veronica
    $800 1
Hero

Veronica
    $1000 6
the East India Company

Jennifer
    $1000 13
(Jennifer: What is UCLA?)

USC

VeronicaJennifer
    $1000 14
the cache

Sam
    $1000 17
"Panda"

Sam
    $3,400 18
(Buzzy: Yes, from The Tempest.)

Caliban

Sam
    $1000 3
hornito

Triple Stumper

Scores at the first commercial break (after clue 15):

Veronica Jennifer Sam
$3,200 -$600 $2,400

Scores at the end of the Jeopardy! Round:

Veronica Jennifer Sam
$5,000 $1,200 $7,600

Double Jeopardy! Round responses

STRAITS
HISTORY
LAW SLAW
SCIENCE & NATURE
CELEB NAME IN THE MIDDLE
(Buzzy: You'll fill in the blanks with the celebrity name.)
LOSING YOUR RELIGION
    $400 25
the Strait of Gibraltar

Jennifer
    $400 26
James I

Sam
    $400 30
fair use

Veronica
    $400 27
a catalyst

Veronica
    $400 28
Aaron Paul

Jennifer
    $400 29
the palm

Sam
    $800 20
Vancouver Island

Sam
    $4,400 11
Bedlam

Jennifer
    $800 23
an arraignment

Sam
    $800 21
myrtle

Veronica
    $800 24
Dick Clark

Sam
    $800 22
Tempe

Jennifer
    $1200 1
the Strait of Hormuz

Sam
    $1200 10
the Warsaw Pact

Jennifer
    $1200 7
double jeopardy

Jennifer
    $1200 6
ecology

Jennifer
    $1200 17
Dean Martin

Sam
    $1200 14
(Buzzy: A priest [*].)

pries

Triple Stumper
    $1600 3
the Strait of Magellan

Jennifer
    $1600 5
Hippo

Sam
    $1600 8
torts

Sam
    $1600 2
(Sam: Uh, what is the [*] nose, [*]?)

horseshoe (bat)

Sam
    $1600 18
Bruce Lee

Veronica
    $1600 13
Ramada

Jennifer
    $2000 16
the Strait of Malacca

Sam
    $2000 4
(Jennifer: Who's Voltaire?)

Diderot

Jennifer
Triple Stumper
    $3,000 12
(Jennifer: What are good and evil?)

Beyond Reasonable Doubt

Jennifer
    $2000 9
the Oort Cloud

Sam
    $2000 19
Wallace Shawn

Sam
    $2000 15
an ion

Jennifer

Scores at the end of the Double Jeopardy! Round:

Veronica Jennifer Sam
$8,200 $11,000 $24,000

Final Jeopardy! Round responses

MUSIC & GEOGRAPHY
(Buzzy: Australia was a penal colony for Britain in real life and in this folk tune.)
VeronicaWhat is Doubleday?
$1,800
JenniferWhat is Botany Botany Bay?
$3,500
SamWhat is botany bay?
$14,000
Botany Bay

Final scores:

Veronica Jennifer Sam
$6,400 $14,500 $38,000

Game dynamics:

Coryat scores:

Veronica Jennifer Sam
$8,200 $10,400 $21,600
12 R,
0 W
18 R
(including 1 DD),
5 W
(including 1 DD)
23 R
(including 1 DD),
2 W

Combined Coryat: $40,200

[game clues] [game scores] [suggest correction]

Game tape date: 2021-04-14
The J! Archive is created by fans, for fans. Scraping, republication, monetization, and malicious use prohibited; this site may use cookies and collect identifying information. See terms. The Jeopardy! game show and all elements thereof, including but not limited to copyright and trademark thereto, are the property of Jeopardy Productions, Inc. and are protected under law. This website is not affiliated with, sponsored by, or operated by Jeopardy Productions, Inc. Join the discussion at JBoard.tv.